| 000 | 00386nam a2200133Ia 4500 | ||
|---|---|---|---|
| 005 | 20260328104308.0 | ||
| 008 | 260328s9999||||xx |||||||||||||| ||und|| | ||
| 100 | _aAsensio Cerver, Francisco | ||
| 245 | 4 |
_aThe Architecture of Multiresidential Buildings / _cFrancisco Asensio Cerver |
|
| 260 | _bHearts Books international | ||
| 300 | _a190 p. | ||
| 650 | _aCONSTRUCCIÓN | ||
| 942 | _cBK | ||
| 999 |
_c10829 _d10829 |
||